[Event "Leipzig VfB op 21st"]
[Site "Leipzig"]
[Date "2014.03.08"]
[Round "9"]
[White "Kapahnke, Tilo"]
[Black "Weimert, Jens"]
[Result "1-0"]
[WhiteElo "1614"]
[BlackElo "1495"]
[PlyCount "41"]
[EventDate "2014.03.04"]
[EventType "tourn"]
[EventRounds "9"]
[EventCountry "GER"]
[SourceTitle "CBM 159 Extra"]
[Source "ChessBase"]
[SourceDate "2014.04.24"]
[SourceVersion "1"]
[SourceVersionDate "2014.04.24"]
[SourceQuality "1"]

1. e4 c5 2. Nf3 e6 3. d4 cxd4 4. Nxd4 Nf6 5. Nc3 Qc7 6. Ndb5 Qd8 7. e5 a6 8. Nd6+ Bxd6 9. Qxd6 Ng8 10. Be2 Qe7 11. Ne4 Nc6 12. Bg5 f6 13. exf6 gxf6 14. Bh5+ Kd8 15. Bh4 Qxd6 16. Nxd6 Ke7 17. Nf7 b5 18. Nxh8 Nd8 19. 0-0-0 Nh6 20. g4 Bb7 21. Rhg1 1-0

[Event "Leipzig VfB op 21st"]
[Site "Leipzig"]
[Date "2014.03.07"]
[Round "6"]
[White "Kahl, Marvin"]
[Black "Kapahnke, Tilo"]
[Result "1-0"]
[WhiteElo "1328"]
[BlackElo "1614"]
[PlyCount "51"]
[EventDate "2014.03.04"]
[EventType "tourn"]
[EventRounds "9"]
[EventCountry "GER"]
[SourceTitle "CBM 159 Extra"]
[Source "ChessBase"]
[SourceDate "2014.04.24"]
[SourceVersion "1"]
[SourceVersionDate "2014.04.24"]
[SourceQuality "1"]

1. e4 e5 2. Nf3 Nc6 3. d4 exd4 4. Bc4 Be7 5. 0-0 d6 6. Nxd4 Ne5 7. Bb3 Nf6 8. Nc3 c6 9. Bf4 Bg4 10. f3 Bh5 11. Nf5 0-0 12. Bxe5 dxe5 13. Nxe7+ Qxe7 14. Qe2 Rad8 15. Rad1 Rd4 16. Rd3 Rfd8 17. Rfd1 a6 18. Qf2 c5 19. Nd5 Qd6 20. c3 Rxd3 21. Rxd3 Rc8 22. Nxf6+ Qxf6 23. Rd5 c4 24. Bc2 Qg5 25. f4 Qxf4 26. Qxf4 1-0

[Event "Leipzig VfB op 20th"]
[Site "Leipzig"]
[Date "2013.03.09"]
[Round "9"]
[White "Kapahnke, Tilo"]
[Black "Ditz, Roland"]
[Result "1-0"]
[WhiteElo "1535"]
[BlackElo "1767"]
[PlyCount "47"]
[EventDate "2013.03.05"]
[EventType "swiss"]
[EventRounds "9"]
[EventCountry "GER"]
[SourceTitle "EXT 2014"]
[Source "ChessBase"]
[SourceDate "2013.11.20"]
[SourceVersion "1"]
[SourceVersionDate "2013.11.20"]
[SourceQuality "1"]

1. e4 c5 2. Nf3 d6 3. d4 cxd4 4. Nxd4 Nf6 5. Nc3 g6 6. Be3 Bg7 7. Qd2 0-0 8. f3 Nc6 9. 0-0-0 a6 10. Be2 Qc7 11. h4 h5 12. Nd5 Nxd5 13. exd5 Nxd4 14. Bxd4 Bf5 15. g4 hxg4 16. fxg4 Bxd4 17. gxf5 Bg7 18. fxg6 fxg6 19. Rdg1 Rf6 20. h5 gxh5 21. Rxh5 Qb6 22. Rhg5 Rf1+ 23. Bxf1 Qxb2+ 24. Kd1 1-0

[Event "Leipzig VfB op 20th"]
[Site "Leipzig"]
[Date "2013.03.08"]
[Round "6"]
[White "Rudolph, Juergen"]
[Black "Kapahnke, Tilo"]
[Result "0-1"]
[WhiteElo "1751"]
[BlackElo "1535"]
[PlyCount "125"]
[EventDate "2013.03.05"]
[EventType "swiss"]
[EventRounds "9"]
[EventCountry "GER"]
[SourceTitle "EXT 2014"]
[Source "ChessBase"]
[SourceDate "2013.11.20"]
[SourceVersion "1"]
[SourceVersionDate "2013.11.20"]
[SourceQuality "1"]

1. b3 d5 2. e3 Bf5 3. Bb2 Nd7 4. c4 e6 5. cxd5 exd5 6. Nf3 Ngf6 7. Be2 Bd6 8. 0-0 c6 9. d3 0-0 10. Nbd2 Re8 11. Nd4 Bg6 12. N2f3 a6 13. Nh4 Qc7 14. g3 Be5 15. Nxg6 fxg6 16. Rb1 Re7 17. Nf3 Bxb2 18. Rxb2 Ne5 19. Qc2 Rf8 20. Nxe5 Qxe5 21. d4 Qe6 22. Bf3 Qh3 23. Bg2 Qh5 24. Qc5 Ref7 25. h3 Qh6 26. Qc1 g5 27. Qd1 Qg6 28. f3 Nh5 29. Qe1 Qd6 30. f4 gxf4 31. gxf4 Re7 32. Qh4 Nf6 33. Qg3 Qe6 34. Rf3 Qe4 35. Re2 Qd3 36. Qf2 Ne4 37. Qe1 Rfe8 38. Kh2 Qc3 39. Qxc3 Nxc3 40. Rc2 Nd1 41. h4 Nxe3 42. Rd2 Nxg2 43. Kxg2 Re2+ 44. Rf2 Rxd2 45. Rxd2 h5 46. Kf3 Re4 47. Rg2 Kf7 48. Rg5 Rxd4 49. Rxh5 Rd2 50. Rf5+ Kg6 51. Re5 Rxa2 52. Re7 d4 53. Rxb7 c5 54. Rc7 Rc2 55. Rc6+ Kh5 56. Rxa6 Rc3+ 57. Ke4 Rxb3 58. Ra8 Re3+ 59. Kd5 Rc3 60. Rh8+ Kg6 61. h5+ Kf7 62. h6 d3 63. Rf8+ 0-1